00576cam a22001457a 4500008004000000082001600040100002300056245009000079260004600169300001300215650007600228700002000304999001900324952008700343180718b1960 xxu||||| |||| 00| 0 eng d aA6x672 T378 aThompson, Virginia aEmerging states of French equatorial Africa.cby Virginia Thompson and Richard Adloff aStanfordbStanford University pressc1960 axi, 593p aAfrica, French-speaking Equatorial -Politics and government -1884-1960. aAdloff, Richard c413257d413257 00104070aIIPAbIIPAd2009-02-11oA6x672 T378p28257r2018-07-21w2018-07-21yBK